00608nam a2200217 a 4500003000500000005001700005008004100022010001000063011001000073020001500083035001000098040000900108082002000117100002100137245007200158260003600230300003100266500005200297650001600349700002500365CHAP20220329142216.0000217d1999 es a r 00110 spa d a79940 a80912 a8483220423 a91369 cCHAP04a575.1bK5Y 199700aKlug, William S.10aConceptos de genéticac/por William S. Klug y Michael R. Cummings aMadrid :bPrentice Hall,c1999. a814 p. :bilus. ; gráfs. aTrad. de : Concepts of genetics, 5 ed. de 1997.14aGenética.0 aCummings, Michael R.